[Event "Stay Safe Play From Home 234"]
[Site "Emanuel Lasker Arena"]
[Date "2020.06.17"]
[Round "1"]
[White "Lazieri3"]
[Black "Greblah"]
[Result "1/2-1/2"]
[WhiteElo "2080"]
[BlackElo "1935"]
[Annotator "TA"]
[PlyCount "75"]
[EventDate "2020.06.17"]
[EventType "swiss (blitz)"]

{[%evp 11,75,60,72,34,64,39,54,46,46,34,84,47,47,49,53,-59,-79,-110,-78,-108,-97,-115,-115,-113,-81,-214,-151,-164,-181,-164,-96,-155,-118,-98,-48,-47,-47,-44,-45,-58,-14,-8,-13,-19,-20,-26,-25,-41,-43,-35,-30,-78,-72,-67,-53,-60,-47,-53,0,-37,0,-56,-54,-130,0,-2]} 1. e4 c6 2. d4 d5 3. Nc3 dxe4 4. Nxe4 Nf6 5. Nxf6+ gxf6 6. Nf3 Bg4 7. Be3 {B16: Caro-Kann: Bronstein-Larsen Variation.} e6 8. Be2 (8. g3 {is interesting.} Nd7 9. Bg2 Qc7 10. O-O O-O-O 11. h3) 8... Bd6 9. Nd2 {[#] White is slightly better.} Bxe2 $146 ({Predecessor:} 9... Bf5 10. g4 Bg6 11. h4 h6 12. h5 Bh7 13. Nc4 Bc7 14. Qd2 Qd5 15. O-O-O b5 {1-0 (41) Ladopoulos,D (2200)-Ermenkov,E (2433) Albena 2015}) 10. Qxe2 Qc7 11. Ne4 Be7 12. O-O-O f5 13. Ng5 (13. Nc5 $14) 13... f4 $15 14. Nxe6 fxe6 15. Qh5+ Kd7 16. Bd2 Na6 17. Rhe1 Raf8 {[%cal Ba8f8,Bf8f6,Bf6g6][%mdl 32]} 18. Qg4 (18. Qh3 $17 Qd6 19. c4) 18... Rf6 19. d5 cxd5 {[#] ...Rc8 is the strong threat.} 20. Bc3 Rg6 21. Rxd5+ (21. Qh3 $142 Nb4 22. Bxb4 Bxb4 23. Rxd5+ Ke7 24. c3) 21... Kc8 22. Qh3 Rd8 23. Rxe6 Rxe6 24. Qxe6+ Rd7 $1 ({Don't blunder} 24... Kb8 $2 25. Be5 $18) 25. Be5 Qd8 26. Bxf4 Nc7 27. Rxd7 Qxd7 28. Qg8+ Bd8 29. h3 Ne6 30. Bg3 b6 31. a3 Kb7 32. Qg4 Nc5 33. Qf3+ Qc6 34. Qf7+ Qd7 35. Qf3+ $1 Qc6 36. Qf7+ $1 Ka6 37. Qc4+ (37. Kb1 $15) 37... Kb7 ({Better is} 37... b5 $17 38. Qc3 Bf6) 38. Qf7+ $1 {Accuracy: White = 69%, Black = 73%.} 1/2-1/2

[Event "Stay Safe Play From Home 234"]
[Site "Emanuel Lasker Arena"]
[Date "2020.06.17"]
[Round "1"]
[White "SoulofWolf"]
[Black "Don59as"]
[Result "0-1"]
[WhiteElo "2075"]
[BlackElo "2046"]
[Annotator "NA RC"]
[PlyCount "76"]
[EventDate "2020.06.17"]
[EventType "swiss (blitz)"]

1. Nf3 {[%emt 0:00:53]} d5 {[%emt 0:00:02]} 2. c4 {[%emt 0:00:01]} e6 {[%emt 0:00:01]} 3. Nc3 {[%emt 0:00:01]} Nf6 {[%emt 0:00:01]} 4. d4 {[%emt 0:00:01]} Be7 {[%emt 0:00:01]} 5. Bg5 {[%emt 0:00:01]} O-O {[%emt 0:00:01]} 6. e3 {[%emt 0:00:01]} h6 {[%emt 0:00:01]} 7. Bh4 {[%emt 0:00:01]} Nbd7 {[%emt 0:00:01]} 8. Rc1 {[%emt 0:00:02]} a6 {[%emt 0:00:02]} 9. c5 {[%emt 0:00:01]} c6 {[%emt 0:00:03]} 10. Bd3 {[%emt 0:00:10]} b6 {[%emt 0:00:04]} 11. b4 {[%emt 0:00:01]} a5 {[%emt 0:00:01]} 12. a3 {[%emt 0:00:01]} axb4 {[%emt 0:00:10]} 13. axb4 {[%emt 0:00:00]} Ba6 {[%emt 0:00:08]} 14. O-O {[%emt 0:00:03]} Bxd3 {[%emt 0:00:02]} 15. Qxd3 {[%emt 0:00:00]} Ra3 {[%emt 0:00:03]} 16. Qb1 {[%emt 0:00:20]} g5 {[%emt 0:00:15]} 17. Bg3 {[%emt 0:00:01]} bxc5 {[%emt 0:00:03]} 18. bxc5 {[%emt 0:00:27]} Qa5 {[%emt 0:00:03]} 19. Nd1 {[%emt 0:00:20]} Ne4 {[%emt 0:00:16]} 20. Qb7 {[%emt 0:00:05]} Nxg3 {[%emt 0:00:19]} 21. hxg3 {[%emt 0:00:01]} Qa7 {[%emt 0:00:12]} 22. Qxc6 {[%emt 0:00:04]} Ra6 {[%emt 0:00:01]} 23. Qb5 {[%emt 0:00:05]} Rb8 {[%emt 0:00:05]} 24. Qd3 {[%emt 0:00:03]} Ra3 {[%emt 0:00:04]} 25. Rc3 {[%emt 0:00:10]} Ra1 {[%emt 0:00:05]} 26. e4 {[%emt 0:00:20]} Rbb1 {[%emt 0:00:08]} 27. exd5 {[%emt 0:00:13]} exd5 {[%emt 0:00:01]} 28. Rb3 {[%emt 0:00:18]} Rc1 {[%emt 0:00:13]} 29. Ne3 {[%emt 0:00:10]} Nf6 {[%emt 0:00:08]} 30. Rxc1 {[%emt 0:00:12]} Rxc1+ {[%emt 0:00:02]} 31. Kh2 {[%emt 0:00:00]} Qa1 {[%emt 0:00:14]} 32. g4 {[%emt 0:00:04]} Rh1+ {[%emt 0:00:05]} 33. Kg3 {[%emt 0:00:01]} Ne4+ {[%emt 0:00:01]} 34. Qxe4 {[%emt 0:00:03]} dxe4 {[%emt 0:00:01]} 35. Ne5 {[%emt 0:00:01]} Qxd4 {[%emt 0:00:14]} 36. N5c4 {[%emt 0:00:04]} Qxc5 {[%emt 0:00:04]} 37. Rb8+ {[%emt 0:00:01]} Bf8 {[%emt 0:00:02]} 38. Rd8 {[%emt 0:00:08]} Qc7+ {[%emt 0:00:02] SoulofWolf poddaje siê (Lag: Av=0.57s, max=0.9s)} 0-1

[Event "Stay Safe Play From Home 234"]
[Site "Emanuel Lasker Arena"]
[Date "2020.06.17"]
[Round "1"]
[White "Dukic"]
[Black "Shyamph1980"]
[Result "1-0"]
[WhiteElo "1906"]
[BlackElo "1675"]
[Annotator "NA RC"]
[PlyCount "41"]
[EventDate "2020.06.17"]
[EventType "swiss (blitz)"]

1. c4 {[%emt 0:00:05]} Nf6 {[%emt 0:00:02]} 2. Nc3 {[%emt 0:00:01]} e6 {[%emt 0:00:02]} 3. e4 {[%emt 0:00:02]} Bb4 {[%emt 0:00:02]} 4. e5 {[%emt 0:00:01]} Bxc3 {[%emt 0:00:06]} 5. bxc3 {[%emt 0:00:02]} Ne4 {[%emt 0:00:01]} 6. Qg4 {[%emt 0:00:01]} d5 {[%emt 0:00:28]} 7. Qxg7 {[%emt 0:00:09]} Rf8 {[%emt 0:00:10]} 8. Ba3 {[%emt 0:00:10]} c5 {[%emt 0:00:05]} 9. d3 {[%emt 0:00:02]} Nxc3 {[%emt 0:00:02]} 10. Bxc5 {[%emt 0:00:02]} Nd7 {[%emt 0:00:09]} 11. Bb4 {[%emt 0:00:10]} Na4 {[%emt 0:00:11]} 12. cxd5 {[%emt 0:00:07]} exd5 {[%emt 0:00:05]} 13. Nf3 {[%emt 0:00:05]} Qb6 {[%emt 0:00:07]} 14. Bxf8 {[%emt 0:00:32]} Qa5+ {[%emt 0:00:03]} 15. Nd2 {[%emt 0:00:05]} Nxf8 {[%emt 0:00:05]} 16. Be2 {[%emt 0:00:09]} Nc3 {[%emt 0:00:03]} 17. Rc1 {[%emt 0:00:04]} d4 {[%emt 0:00:11]} 18. Bf3 {[%emt 0:00:15]} Bf5 {[%emt 0:00:25]} 19. O-O {[%emt 0:00:06]} Nxa2 {[%emt 0:00:16]} 20. Nc4 {[%emt 0:00:05]} Qc7 {[%emt 0:00:14]} 21. Nd6+ {[%emt 0:00:01] Shyamph1980 resigns (Lag: Av=0.61s, max=0.9s)} 1-0

[Event "Stay Safe Play From Home 234"]
[Site "Emanuel Lasker Arena"]
[Date "2020.06.17"]
[Round "1"]
[White "Haris kollari 13"]
[Black "Position"]
[Result "1-0"]
[WhiteElo "1795"]
[BlackElo "2012"]
[Annotator "NA RC"]
[PlyCount "137"]
[EventDate "2020.06.17"]
[EventType "swiss (blitz)"]

1. e4 {[%emt 0:00:01]} c5 {[%emt 0:00:02]} 2. Nf3 {[%emt 0:00:01]} d6 {[%emt 0:00:01]} 3. d4 {[%emt 0:00:01]} cxd4 {[%emt 0:00:01]} 4. Nxd4 {[%emt 0:00:01]} Nf6 {[%emt 0:00:00]} 5. Nc3 {[%emt 0:00:01]} a6 {[%emt 0:00:01]} 6. f4 {[%emt 0:00:01]} Nc6 {[%emt 0:00:02]} 7. Be3 {[%emt 0:00:01]} Bd7 {[%emt 0:00:01]} 8. Qd2 {[%emt 0:00:01]} e6 {[%emt 0:00:01]} 9. Be2 {[%emt 0:00:01]} Qc7 {[%emt 0:00:01]} 10. Bf3 {[%emt 0:00:01]} Be7 {[%emt 0:00:02]} 11. g4 {[%emt 0:00:01]} O-O-O {[%emt 0:00:05]} 12. g5 {[%emt 0:00:07]} Ne8 {[%emt 0:00:03]} 13. O-O-O {[%emt 0:00:01]} Nxd4 {[%emt 0:00:03]} 14. Bxd4 {[%emt 0:00:02]} Bc6 {[%emt 0:00:01]} 15. Qf2 {[%emt 0:00:06]} Qb8 {[%emt 0:00:04]} 16. Ba7 {[%emt 0:00:03]} Qa8 {[%emt 0:00:02]} 17. Bb6 {[%emt 0:00:02]} Nc7 {[%emt 0:00:01]} 18. Rhe1 {[%emt 0:00:06]} Rd7 {[%emt 0:00:05]} 19. h4 {[%emt 0:00:01]} Nb5 {[%emt 0:00:08]} 20. Nxb5 {[%emt 0:00:04]} Bxb5 {[%emt 0:00:00]} 21. Qd4 {[%emt 0:00:11]} Rg8 {[%emt 0:00:16]} 22. f5 {[%emt 0:00:14]} e5 {[%emt 0:00:07]} 23. Qc3+ {[%emt 0:00:02]} Bc6 {[%emt 0:00:02]} 24. a4 {[%emt 0:00:06]} Bd8 {[%emt 0:00:02]} 25. a5 {[%emt 0:00:01]} Bxb6 {[%emt 0:00:02]} 26. axb6 {[%emt 0:00:01]} Kd8 {[%emt 0:00:13]} 27. h5 {[%emt 0:00:02]} Ke8 {[%emt 0:00:06]} 28. Bg4 {[%emt 0:00:01]} f6 {[%emt 0:00:05]} 29. Qe3 {[%emt 0:00:10]} Qd8 {[%emt 0:00:04]} 30. g6 {[%emt 0:00:05]} h6 {[%emt 0:00:04]} 31. Rd3 {[%emt 0:00:03]} Qe7 {[%emt 0:00:05]} 32. Red1 {[%emt 0:00:01]} Kd8 {[%emt 0:00:07]} 33. Bf3 {[%emt 0:00:04]} Kc8 {[%emt 0:00:02]} 34. c4 {[%emt 0:00:05]} Rgd8 {[%emt 0:00:03]} 35. b4 {[%emt 0:00:01]} Kb8 {[%emt 0:00:09]} 36. Kb2 {[%emt 0:00:01]} Rc8 {[%emt 0:00:10]} 37. Qd2 {[%emt 0:00:04]} Qd8 {[%emt 0:00:18]} 38. c5 {[%emt 0:00:04]} Bb5 {[%emt 0:00:08]} 39. Rxd6 {[%emt 0:00:01]} Rxd6 {[%emt 0:00:01]} 40. Qxd6+ {[%emt 0:00:01]} Qxd6 {[%emt 0:00:03]} 41. Rxd6 {[%emt 0:00:01]} Bc6 {[%emt 0:00:01]} 42. Kc3 {[%emt 0:00:02]} Re8 {[%emt 0:00:02]} 43. Kc4 {[%emt 0:00:03]} Kc8 {[%emt 0:00:02]} 44. Rd1 {[%emt 0:00:04]} Rd8 {[%emt 0:00:01]} 45. Rxd8+ {[%emt 0:00:02]} Kxd8 {[%emt 0:00:00]} 46. Kd3 {[%emt 0:00:02]} Kd7 {[%emt 0:00:01]} 47. Ke3 {[%emt 0:00:01]} Bb5 {[%emt 0:00:04]} 48. Be2 {[%emt 0:00:01]} Bxe2 {[%emt 0:00:03]} 49. Kxe2 {[%emt 0:00:01]} a5 {[%emt 0:00:02]} 50. bxa5 {[%emt 0:00:03]} Kc6 {[%emt 0:00:01]} 51. Kd3 {[%emt 0:00:04]} Kxc5 {[%emt 0:00:01]} 52. Kc3 {[%emt 0:00:01]} Kb5 {[%emt 0:00:02]} 53. a6 {[%emt 0:00:05]} Kxa6 {[%emt 0:00:04]} 54. Kc4 {[%emt 0:00:02]} Kxb6 {[%emt 0:00:01]} 55. Kd5 {[%emt 0:00:00]} Kc7 {[%emt 0:00:03]} 56. Ke6 {[%emt 0:00:00]} b5 {[%emt 0:00:02]} 57. Kf7 {[%emt 0:00:00]} b4 {[%emt 0:00:01]} 58. Kxg7 {[%emt 0:00:00]} b3 {[%emt 0:00:01]} 59. Kxf6 {[%emt 0:00:00]} b2 {[%emt 0:00:01]} 60. g7 {[%emt 0:00:00]} b1=Q {[%emt 0:00:01]} 61. g8=Q {[%emt 0:00:00]} Qb2 {[%emt 0:00:05]} 62. Qf7+ {[%emt 0:00:02]} Kc6 {[%emt 0:00:02]} 63. Qe6+ {[%emt 0:00:01]} Kb7 {[%emt 0:00:06]} 64. Qd5+ {[%emt 0:00:02]} Ka7 {[%emt 0:00:03]} 65. Qxe5 {[%emt 0:00:01]} Qd2 {[%emt 0:00:02]} 66. Kf7 {[%emt 0:00:03]} Kb6 {[%emt 0:00:04]} 67. Qe6+ {[%emt 0:00:04]} Kb7 {[%emt 0:00:03]} 68. e5 {[%emt 0:00:01]} Qg5 {[%emt 0:00:03]} 69. Qe7+ {[%emt 0:00:02] Position resigns (Lag: Av=0.82s, max=1.9s)} 1-0

[Event "Stay Safe Play From Home 234"]
[Site "Emanuel Lasker Arena"]
[Date "2020.06.17"]
[Round "2"]
[White "Don59as"]
[Black "Haris kollari 13"]
[Result "1-0"]
[WhiteElo "2065"]
[BlackElo "1821"]
[Annotator "NA RC"]
[PlyCount "151"]
[EventDate "2020.06.17"]
[EventType "swiss (blitz)"]

1. c4 {[%emt 0:00:05]} b6 {[%emt 0:00:02]} 2. Nc3 {[%emt 0:00:01]} Bb7 {[%emt 0:00:01]} 3. e4 {[%emt 0:00:01]} g6 {[%emt 0:00:01]} 4. g3 {[%emt 0:00:00]} Bg7 {[%emt 0:00:00]} 5. Nge2 {[%emt 0:00:01]} Nc6 {[%emt 0:00:02]} 6. Bg2 {[%emt 0:00:01]} e5 {[%emt 0:00:03]} 7. O-O {[%emt 0:00:02]} d6 {[%emt 0:00:01]} 8. b3 {[%emt 0:00:07]} Qd7 {[%emt 0:00:02]} 9. Bb2 {[%emt 0:00:02]} Nge7 {[%emt 0:00:01]} 10. Nd5 {[%emt 0:00:05]} Nxd5 {[%emt 0:00:02]} 11. exd5 {[%emt 0:00:01]} Nd4 {[%emt 0:00:01]} 12. Nxd4 {[%emt 0:00:01]} exd4 {[%emt 0:00:01]} 13. Re1+ {[%emt 0:00:01]} Kd8 {[%emt 0:00:02]} 14. Qe2 {[%emt 0:00:16]} Re8 {[%emt 0:00:01]} 15. Qd3 {[%emt 0:00:01]} Qf5 {[%emt 0:00:17]} 16. Qxf5 {[%emt 0:00:13]} gxf5 {[%emt 0:00:01]} 17. Bh3 {[%emt 0:00:15]} f4 {[%emt 0:00:01]} 18. Rxe8+ {[%emt 0:00:06]} Kxe8 {[%emt 0:00:01]} 19. Re1+ {[%emt 0:00:03]} Kf8 {[%emt 0:00:01]} 20. gxf4 {[%emt 0:00:04]} Re8 {[%emt 0:00:06]} 21. Rxe8+ {[%emt 0:00:10]} Kxe8 {[%emt 0:00:01]} 22. Kg2 {[%emt 0:00:01]} b5 {[%emt 0:00:07]} 23. Kf3 {[%emt 0:00:07]} c6 {[%emt 0:00:11]} 24. Ke4 {[%emt 0:00:09]} bxc4 {[%emt 0:00:01]} 25. bxc4 {[%emt 0:00:03]} cxd5+ {[%emt 0:00:02]} 26. cxd5 {[%emt 0:00:01]} Ke7 {[%emt 0:00:01]} 27. Bxd4 {[%emt 0:00:03]} Bxd4 {[%emt 0:00:13]} 28. Kxd4 {[%emt 0:00:01]} Kf6 {[%emt 0:00:02]} 29. Ke4 {[%emt 0:00:03]} h6 {[%emt 0:00:02]} 30. d3 {[%emt 0:00:07]} Ba6 {[%emt 0:00:01]} 31. Bd7 {[%emt 0:00:04]} Ke7 {[%emt 0:00:01]} 32. Bg4 {[%emt 0:00:10]} Bb7 {[%emt 0:00:01]} 33. Kd4 {[%emt 0:00:03]} Ba6 {[%emt 0:00:05]} 34. Kc3 {[%emt 0:00:05]} Kd8 {[%emt 0:00:03]} 35. d4 {[%emt 0:00:05]} Kc7 {[%emt 0:00:02]} 36. Bh5 {[%emt 0:00:04]} f6 {[%emt 0:00:04]} 37. Bf7 {[%emt 0:00:03]} Be2 {[%emt 0:00:05]} 38. Be6 {[%emt 0:00:01]} Kb6 {[%emt 0:00:02]} 39. Kd2 {[%emt 0:00:01]} Bc4 {[%emt 0:00:06]} 40. a3 {[%emt 0:00:03]} Ka5 {[%emt 0:00:01]} 41. Kc3 {[%emt 0:00:02]} Be2 {[%emt 0:00:02]} 42. Bd7 {[%emt 0:00:05]} Bf3 {[%emt 0:00:03]} 43. Bc6 {[%emt 0:00:01]} Kb6 {[%emt 0:00:02]} 44. Kd3 {[%emt 0:00:02]} Bd1 {[%emt 0:00:04]} 45. Ke3 {[%emt 0:00:04]} Ka5 {[%emt 0:00:02]} 46. Ke4 {[%emt 0:00:01]} Bc2+ {[%emt 0:00:02]} 47. Kf3 {[%emt 0:00:01]} Bf5 {[%emt 0:00:01]} 48. Kg3 {[%emt 0:00:03]} Bg6 {[%emt 0:00:03]} 49. Kh4 {[%emt 0:00:02]} Kb6 {[%emt 0:00:03]} 50. Kg4 {[%emt 0:00:02]} f5+ {[%emt 0:00:08]} 51. Kh4 {[%emt 0:00:02]} Bf7 {[%emt 0:00:01]} 52. Bd7 {[%emt 0:00:09]} Bg6 {[%emt 0:00:01]} 53. Kg3 {[%emt 0:00:04]} Ka5 {[%emt 0:00:02]} 54. h4 {[%emt 0:00:03]} Kb6 {[%emt 0:00:05]} 55. h5 {[%emt 0:00:04]} Bxh5 {[%emt 0:00:04]} 56. Bxf5 {[%emt 0:00:01]} Kb5 {[%emt 0:00:00]} 57. Be6 {[%emt 0:00:02]} Kc4 {[%emt 0:00:01]} 58. f5 {[%emt 0:00:04]} Kxd4 {[%emt 0:00:01]} 59. f6 {[%emt 0:00:01]} Ke5 {[%emt 0:00:00]} 60. f7 {[%emt 0:00:01]} Bxf7 {[%emt 0:00:02]} 61. Bxf7 {[%emt 0:00:00]} Kd4 {[%emt 0:00:02]} 62. f4 {[%emt 0:00:03]} Ke4 {[%emt 0:00:03]} 63. Be6 {[%emt 0:00:01]} a5 {[%emt 0:00:02]} 64. Kg4 {[%emt 0:00:04]} h5+ {[%emt 0:00:02]} 65. Kg5 {[%emt 0:00:02]} h4 {[%emt 0:00:01]} 66. Kxh4 {[%emt 0:00:14]} Kxf4 {[%emt 0:00:01]} 67. Kh3 {[%emt 0:00:01]} Ke3 {[%emt 0:00:04]} 68. Bd7 {[%emt 0:00:01]} Kd4 {[%emt 0:00:01]} 69. Bc6 {[%emt 0:00:01]} a4 {[%emt 0:00:05]} 70. Kg4 {[%emt 0:00:02]} Kc3 {[%emt 0:00:02]} 71. Bxa4 {[%emt 0:00:02]} Kb2 {[%emt 0:00:02]} 72. Bc6 {[%emt 0:00:02]} Kxa3 {[%emt 0:00:00]} 73. Kf5 {[%emt 0:00:00]} Kb4 {[%emt 0:00:00]} 74. Ke6 {[%emt 0:00:00]} Kc5 {[%emt 0:00:01]} 75. Be8 {[%emt 0:00:01]} Kd4 {[%emt 0:00:01]} 76. Kxd6 {[%emt 0:00:01] Haris kollari 13 resigns (Lag: Av=0.48s, max=0.9s)} 1-0

[Event "Stay Safe Play From Home 234"]
[Site "Emanuel Lasker Arena"]
[Date "2020.06.17"]
[Round "2"]
[White "Position"]
[Black "Lazieri3"]
[Result "1-0"]
[WhiteElo "1985"]
[BlackElo "2073"]
[Annotator "TA"]
[PlyCount "115"]
[EventDate "2020.06.17"]
[EventType "swiss (blitz)"]

{[%evp 9,115,31,85,29,50,41,87,70,96,66,111,43,79,32,64,64,62,18,47,50,66,57,69,38,141,135,322,163,152,14,26,18,11,0,20,4,6,7,50,43,48,46,55,36,131,117,114,56,191,20,16,11,33,25,37,35,38,28,1181,1168,1148,1123,1254,689,711,702,812,644,604,312,500,376,412,389,378,-291,604,577,589,488,707,714,914,885,793,793,1419,1382,12837,12837,12837,12838,12838,12839,12839,12839,12840,12840,12841,12840,12841,12838,12839,12838,12839,12839,29986,29987]} 1. e4 c6 2. d3 d5 3. Nd2 dxe4 4. dxe4 Nd7 5. Ngf3 Ngf6 (5... e5 $14) 6. Bc4 {B10: Caro-Kann: 2 d3 and 2 c4.} (6. e5 $1 $16 {[%cal Re5f6]} Nd5 7. e6 fxe6 8. c4) 6... Nb6 7. Bb3 {[#]} e6 $146 ({Predecessor:} 7... Bg4 8. Bxf7+ Kxf7 9. Ne5+ Ke8 10. Nxg4 Qd4 11. Nxf6+ exf6 12. O-O Rd8 13. Qe2 Kf7 {1-0 (40) Zimmermann,D (2041)-Berka,L (1817) Plzen 2013}) 8. O-O {White is better.} Be7 9. Qe2 O-O 10. Rd1 (10. e5 $16 Nfd7 11. c4) 10... Qc7 11. Nf1 c5 {Threatens to win with ...c4.} 12. c3 Bd7 13. Bg5 h6 14. Bh4 Bc6 15. Bc2 Rad8 16. N1d2 {[%cal Bf1d2,Bd2f3,Bf3e5,Be5c4][%mdl 32]} (16. Bg3 $5 {[%cal Rg3c7]} Rxd1 17. Rxd1 $14 (17. Bxc7 Rxa1 18. a3 Nfd7 $17)) 16... Ng4 {[#]} (16... e5 $14) 17. Bg3 $1 $16 {[%cal Rg3c7]} Bd6 $2 (17... Qd7 $16 18. h3 Nf6) 18. Bxd6 (18. e5 $142) 18... Qxd6 $18 {[#]} 19. h3 (19. e5 $1 $16 {[%cal Re5d6]} Qb8 20. h3 Rxd2 {[%mdl 64] Remove Defender} 21. Rxd2 Bxf3 22. Qxf3 Nxe5 23. Qe4) 19... Ne5 $11 20. a4 (20. Ne1 {is more complex.} Qc7 21. a4 Nc8 22. f4 Ng6 23. g3) 20... Nxf3+ 21. Nxf3 Qe7 22. a5 Nd7 23. Qe3 Nf6 24. Ne5 Rxd1+ 25. Rxd1 Rc8 26. Nc4 Qc7 (26... e5 $14) 27. e5 $16 Nd7 28. Qd3 (28. f4 $16) 28... g6 (28... Nf8 $1 $14) 29. f4 $2 ({White should play} 29. Nd6 $18) 29... Bb5 $11 30. b3 Bxc4 31. Qxc4 {aiming for Bxg6!} Nf8 32. a6 $36 {[%mdl 2048] White has good play.} bxa6 33. Qxa6 Qb6 $2 {[%mdl 8192]} (33... Rd8 $11) 34. Qxc8 $18 c4+ 35. Kf1 {Strongly threatening Rd8!} cxb3 36. Bd3 b2 37. Qc4 Qe3 38. Qe4 Qc1 39. Be2 Qxc3 $2 (39... a5 {keeps fighting.} 40. Kf2 a4) 40. Qd3 Qb4 41. g3 a5 42. Qc4 $4 {[%mdl 8192]} (42. Rb1 $18) 42... Qa3 $4 {[%mdl 8192] White now steadily converts the win.} (42... b1=Q $19 43. Rxb1 Qxb1+ 44. Kf2 Qa1) 43. Kf2 a4 44. Bd3 Qa1 (44... Kg7 $142 45. Rb1 Nd7) 45. Bb1 a3 46. Qa2 Kg7 47. Rd3 g5 48. Rxa3 gxf4 49. gxf4 Ng6 50. Kg3 Ne7 51. Qxa1 bxa1=Q 52. Rxa1 Nd5 53. Be4 Nc3 54. Bf3 Nb5 55. Rd1 Nc3 56. Rd7 Kf8 57. Bh5 f5 58. exf6 {Accuracy: White = 50%, Black = 38%.} 1-0

[Event "Stay Safe Play From Home 234"]
[Site "Emanuel Lasker Arena"]
[Date "2020.06.17"]
[Round "2"]
[White "Shyamph1980"]
[Black "Greblah"]
[Result "1-0"]
[WhiteElo "1668"]
[BlackElo "1941"]
[Annotator "NA RC"]
[PlyCount "89"]
[EventDate "2020.06.17"]
[EventType "swiss (blitz)"]

1. e4 {[%emt 0:00:04]} c6 {[%emt 0:00:00]} 2. d4 {[%emt 0:00:02]} d5 {[%emt 0:00:00]} 3. e5 {[%emt 0:00:02]} Bf5 {[%emt 0:00:02]} 4. c3 {[%emt 0:00:04]} e6 {[%emt 0:00:01]} 5. Bd3 {[%emt 0:00:02]} Bxd3 {[%emt 0:00:03]} 6. Qxd3 {[%emt 0:00:01]} Qa5 {[%emt 0:00:00]} 7. Na3 {[%emt 0:00:07]} Bxa3 {[%emt 0:00:02]} 8. bxa3 {[%emt 0:00:01]} Ne7 {[%emt 0:00:01]} 9. Rb1 {[%emt 0:00:02]} b5 {[%emt 0:00:03]} 10. Ne2 {[%emt 0:00:01]} Nd7 {[%emt 0:00:04]} 11. O-O {[%emt 0:00:01]} Nb6 {[%emt 0:00:01]} 12. Rb3 {[%emt 0:00:13]} Nc4 {[%emt 0:00:03]} 13. f4 {[%emt 0:00:15]} g6 {[%emt 0:00:03]} 14. Ng3 {[%emt 0:00:01]} h5 {[%emt 0:00:13]} 15. Nh1 {[%emt 0:00:02]} Qc7 {[%emt 0:00:14]} 16. Nf2 {[%emt 0:00:10]} a5 {[%emt 0:00:06]} 17. Nd1 {[%emt 0:00:09]} a4 {[%emt 0:00:06]} 18. Rb1 {[%emt 0:00:03]} Nf5 {[%emt 0:00:01]} 19. Nb2 {[%emt 0:00:09]} Nxa3 {[%emt 0:00:06]} 20. Ra1 {[%emt 0:00:01]} Nc4 {[%emt 0:00:08]} 21. Nxc4 {[%emt 0:00:01]} bxc4 {[%emt 0:00:03]} 22. Qd2 {[%emt 0:00:00]} O-O {[%emt 0:00:06]} 23. Ba3 {[%emt 0:00:01]} Rfb8 {[%emt 0:00:04]} 24. Rab1 {[%emt 0:00:01]} Rxb1 {[%emt 0:00:04]} 25. Rxb1 {[%emt 0:00:02]} Rb8 {[%emt 0:00:01]} 26. Qc2 {[%emt 0:00:03]} Rb6 {[%emt 0:00:15]} 27. Bc5 {[%emt 0:00:11]} Rb5 {[%emt 0:00:17]} 28. Rb4 {[%emt 0:00:09]} Qb7 {[%emt 0:00:29]} 29. Qxa4 {[%emt 0:00:09]} Rxb4 {[%emt 0:00:05]} 30. Qxb4 {[%emt 0:00:06]} Qa8 {[%emt 0:00:32]} 31. a4 {[%emt 0:00:06]} Ne3 {[%emt 0:00:02]} 32. a5 {[%emt 0:00:11]} Nc2 {[%emt 0:00:02]} 33. Qa4 {[%emt 0:00:04]} Ne1 {[%emt 0:00:16]} 34. a6 {[%emt 0:00:16]} Qb8 {[%emt 0:00:08]} 35. Qb4 {[%emt 0:00:15]} Qd8 {[%emt 0:00:16]} 36. a7 {[%emt 0:00:04]} Qh4 {[%emt 0:00:05]} 37. Qb1 {[%emt 0:00:33]} Nd3 {[%emt 0:00:20]} 38. a8=Q+ {[%emt 0:00:02]} Kh7 {[%emt 0:00:02]} 39. Qf1 {[%emt 0:00:00]} Nxf4 {[%emt 0:00:14]} 40. Qf8 {[%emt 0:00:18]} Nh3+ {[%emt 0:00:16]} 41. gxh3 {[%emt 0:00:09]} Qe4 {[%emt 0:00:01]} 42. Q8xf7+ {[%emt 0:00:04]} Kh6 {[%emt 0:00:02]} 43. Bf8+ {[%emt 0:00:03]} Kg5 {[%emt 0:00:01]} 44. Be7+ {[%emt 0:00:03]} Kh6 {[%emt 0:00:01]} 45. Q7f4+ {[%emt 0:00:03] Zeit (Lag: Av=0.75s, max=4.7s)} 1-0

[Event "Stay Safe Play From Home 234"]
[Site "Emanuel Lasker Arena"]
[Date "2020.06.17"]
[Round "2"]
[White "EnigmaG"]
[Black "Weltszmerc"]
[Result "0-1"]
[WhiteElo "1627"]
[BlackElo "2148"]
[Annotator "TA"]
[PlyCount "104"]
[EventDate "2020.06.17"]
[EventType "swiss (blitz)"]

{[%evp 9,104,37,44,25,27,22,43,12,31,25,32,14,16,16,16,14,18,9,16,8,4,12,29,10,8,-3,1,0,0,0,0,0,0,-15,0,-4,0,0,0,0,0,0,0,0,0,0,0,0,0,0,0,0,0,-104,-104,-177,-182,-194,-193,-194,-154,-166,-167,-155,-144,-187,-129,-178,-143,-362,-237,-353,-351,-499,-483,-481,-454,-474,-441,-506,-496,-608,-600,-937,-890,-841,-774,-1458,-1359,-1710,-2019,-1963,-1402,-29982,-29983,-29992,-29991]} 1. e4 Nf6 2. Nc3 d5 3. exd5 Nxd5 4. d4 c6 5. Nf3 Bg4 6. Be2 {B02: Alekhine's Defence: Chase Variation and lines with early Nc3.} e6 7. O-O Be7 8. Nxd5 {[#] White is slightly better.} exd5 $146 ({Predecessor:} 8... cxd5 9. Bf4 Nc6 10. c3 O-O 11. h3 Bh5 12. Re1 Bf6 13. Qd2 Rc8 14. Bd3 Na5 {1-0 (40) Terzyan,N (1717)-Mustafazade,F (1466) St Petersburg 2017}) 9. h3 Bh5 10. Bf4 O-O 11. Ne5 Bxe2 12. Qxe2 Nd7 13. Rfe1 {[#] And now Nxd7 would win.} Re8 14. Qg4 Nxe5 15. Bxe5 {[%csl Ge5][%cal Rg4g7]} f6 (15... Bf8 {is more complex.} 16. c3 Qb6 17. Re2 Re7 18. Rae1 Rae8) 16. Bf4 Bf8 17. Re2 Qc8 {[#] ...Qxg4 is the strong threat.} 18. Rae1 Qxg4 19. hxg4 Rxe2 20. Rxe2 $11 {[%mdl 4096] Endgame KRB-KRB} Kf7 21. b3 g6 22. f3 Bg7 23. c3 Rh8 24. Kf2 h5 25. gxh5 Rxh5 26. Ke3 Rh1 27. Kd3 Bf8 28. c4 Rd1+ 29. Kc2 Rxd4 30. Be3 Rh4 31. Bxa7 (31. cxd5 $11 cxd5 32. Bxa7) 31... dxc4 $17 32. bxc4 (32. Bf2 $17 {was necessary.} cxb3+ 33. axb3) 32... Rxc4+ $19 33. Kd3 Ra4 34. Bb6 Rb4 35. Ba5 Rb5 36. Bc3 Rd5+ 37. Kc4 b5+ 38. Kb3 c5 39. a3 $2 {This costs White the game.} (39. Rb2 $17 {is a better defense.}) 39... c4+ 40. Kb2 (40. Ka2 $142) 40... Rd3 41. Bb4 (41. Rc2 $142) 41... Rb3+ 42. Kc2 {and the idea Bxf8 leaves White hopeful.} Bxb4 43. axb4 Rxb4 {KR-KR} 44. Rd2 Ra4 45. Kc3 Ra3+ 46. Kb4 Rb3+ 47. Kc5 c3 48. Rc2 Ke6 49. g4 Ke5 50. Re2+ Kf4 51. Re6 c2 52. Kd5 Rd3+ {Accuracy: White = 57%, Black = 87%.} 0-1